Hochstetter's geognostische Karte von Karlbad und Umgebung: karte

Bibliographic Details
Main Author: Hochstetter F. Ferdinand
Other Authors: Micoletzky Jos.
Summary:Приложение к изданию Ф. Хохштеттера "Karlsbad, seine geognostischen Verhaltnisse und seine Quellen, Karlovy Vary" 1856 г.
Language:German
Published: Karlsbad, Franieck, 1873
Subjects:
Format: Map
KOHA link:https://koha.lib.tpu.ru/cgi-bin/koha/opac-detail.pl?biblionumber=349883

MARC

LEADER 00000nfm0a2200000 4500
001 349883
005 20231102010239.0
035 |a (RuTPU)RU\TPU\retro\2994 
090 |a 349883 
100 |a 20180920d1873 m y0gery50 ba 
101 0 |a ger 
102 |a DE 
105 |a b z 000zy 
200 1 |a Hochstetter's geognostische Karte von Karlbad und Umgebung  |e karte  |f F. Hochstetter  |g cart. Jos. Micoletzky 
210 |a Karlsbad  |c Franieck  |d 1873 
215 |a 1 с.  |c ил., карта 
300 |a Приложение к изданию Ф. Хохштеттера "Karlsbad, seine geognostischen Verhaltnisse und seine Quellen, Karlovy Vary" 1856 г.  
317 |5 63413507: 50//11  |a Поступила в НТБ в 1900 г. в составе книжного собрания Сергея Николаевича Кулибина. На обложке владельческая надпись "С. Кулибина" 
606 |a Геологические карты  |2 stltpush  |3 (RuTPU)RU\TPU\subj\6050  |9 34014 
610 1 |a горная местность 
610 1 |a Чехия 
610 1 |a Карловы Вары 
610 1 |a владельческая надпись 
610 1 |a владельческие знаки 
610 1 |a библиотека С. Н. Кулибина 
675 |a 550.8:528  |v 4 
700 1 |a Hochstetter  |b F.  |g Ferdinand 
702 1 |a Micoletzky  |b Jos.  |4 180 
801 1 |a RU  |b 63413507  |c 20180920 
801 2 |a RU  |b 63413507  |c 20180920  |g RCR 
942 |c MP